Countries of the World - With a player in NFL - Statistics

General Stats
  • This quiz has been taken 60 times
  • The average score is 13 of 20
Answer Stats
Continent Answer % Correct
N.America Canada
97%
N.America United States
95%
Europe Germany
93%
Oceania Australia
91%
Europe France
91%
Europe United Kingdom
90%
Oceania New Zealand
86%
S.America Brazil
79%
Africa Nigeria
79%
N.America Jamaica
66%
Europe Poland
60%
Africa Ghana
52%
Africa Kenya
50%
Africa Zimbabwe
47%
Europe Albania
43%
N.America Belize
43%
Oceania Tonga
43%
Africa Cameroon
41%
Africa Liberia
38%
Europe Estonia
36%
No matching quizzes found
Score Distribution
Percent of People with Each Score
Percentile by Number Answered
Your Score History
You have not taken this quiz